History of the space shuttle /

Bibliographic Details
Main Author: Heppenheimer, T. A., 1947-
Format: Book
Language:English
Published: Washington, D.C. : Smithsonian Institution Press, [2002?]
Series:NASA history series.
Subjects:

MARC

Tag First Indicator Second Indicator Subfields
LEADER 00000cam a22000004a 4500
001 in00001697113
005 20151024150833.0
008 010720s2002 dcua b f001 0 eng
010 |a  2001049233 
020 |a 1588340147 (v. 1 : alk. paper) 
020 |a 1588340090 (v. 2 : alk. paper) 
035 |a (OCoLC)ocm47650600 
040 |a DLC  |c DLC  |d TXA  |d UtOrBLW 
042 |a pcc 
043 |a n-us--- 
049 |a TXAM 
050 0 0 |a TL795.5  |b .H4697 2002 
082 0 0 |a 629.44/1/0973  |2 21 
100 1 |a Heppenheimer, T. A.,  |d 1947- 
245 1 0 |a History of the space shuttle /  |c T.A. Heppenheimer. 
264 1 |a Washington, D.C. :  |b Smithsonian Institution Press,  |c [2002?] 
300 |a 2 volumes (xiv, 470 ; xxvi, 478 pages) :  |b illustrations ;  |c 25 cm. 
336 |a text  |b txt  |2 rdacontent 
337 |a unmediated  |b n  |2 rdamedia 
338 |a volume  |b nc  |2 rdacarrier 
490 1 |a NASA history series 
504 |a Includes bibliographical references and indexes. 
505 1 |a v. 1. The space shuttle decision, 1965-1972 -- v. 2. Development of the space shuttle, 1972-1981. 
650 0 |a Space shuttles  |z United States  |x History. 
830 0 |a NASA history series. 
948 |a cataloged  |b h  |c 2002/9/2  |d c  |e dmitchel  |f 10:44:12 am 
994 |a E0  |b TXA 
944 |a stk  |h REPL<3026428>REP-SAME<>REF<jstephen>  |m Replacement on order v.1  |i items: v.1 
999 |a MARS 
999 f f |s ef64f9a5-1f01-3d39-a007-1b77a756f54d  |i 17651f2f-160c-3143-be5b-22ec5417a8f2  |t 0 
952 f f |p normal  |a Texas A&M University  |b College Station  |c Sterling C. Evans Library  |s Evans stk  |d Evans: Library Stacks  |t 0  |e TL795.5 .H4697 2002  |h Library of Congress classification  |i unmediated -- volume  |k v.1  |m A14829117457 
952 f f |p normal  |a Texas A&M University  |b College Station  |c Sterling C. Evans Library  |s Evans stk  |d Evans: Library Stacks  |t 0  |e TL795.5 .H4697 2002  |h Library of Congress classification  |i unmediated -- volume  |k v.2  |m A14829117499 
998 f f |a TL795.5 .H4697 2002  |s v.1-v.2  |t 0  |l Evans: Library Stacks